| 000 | 00867nas a2200289 4500 | ||
|---|---|---|---|
| 001 | BR9213770 | ||
| 003 | BR-BrBNA | ||
| 005 | 20231205095120.0 | ||
| 007 | ta | ||
| 008 | 230509b bl.|||p| |||| 00| 00por d | ||
| 040 |
_aBR-BrBNA _bpor _cBiblioteca Nacional de Agricultura |
||
| 041 | _a(Pt) | ||
| 072 | _aL02 | ||
| 100 | 1 | _aSebastia, J.M. | |
| 100 | 1 | _aLopez, J. | |
| 100 | 1 | _aMartins, E.S. | |
| 100 | 1 | _aOliveira, W.M. | |
| 100 | 1 | _aCollares, A. | |
| 245 | 1 | _aFarinha de mandioca como substituto parcial do milho, na alimentacao de frangos de corte | |
| 650 | _aFrango de Corte | ||
| 650 | _aFarinha | ||
| 650 | _aRacao | ||
| 650 | _aNutricao Animal | ||
| 773 | 0 |
_tPesquisa Agropecuaria Brasileira. Serie Zootecnia (Brazil) _xISSN 0304-372X _g(1973), v. 8(2) p. 61-64 _wBR9213770 |
|
| 909 |
_a202311 _bLúcia _c55 _dLúcia Elande |
||
| 942 |
_2AGRIS _n0 _cANA |
||
| 999 |
_c148769 _d148769 |
||